000 00256nam a2200109Ia 4500
008 230302s9999 xx 000 0 und d
082 _a005.43LIP
100 _aLIPPMAN (Stanley.B)
245 _aC++ Primer
260 _aNEW DELHI
_b PEARSON
365 _cRS
999 _c146924
_d146924